000 00232nam a22001097a 4500
008 170120b xxu||||| |||| 00| 0 eng d
020 _a0395296447
041 _aeng
080 _a618.2
245 _aTEST BANK
_cELLIS
942 _2udc
_cBK
999 _c3310
_d3310